[Event "Benidorm 2013 - Torneo sub2300"]
[Site "Benidorm ESP"]
[Date "2013.12.04"]
[Round "7.69"]
[White "Sancho Castiello, Federico"]
[Black "Perez Cameselle, Francisco"]
[Result "0-1"]
[WhiteElo "2091"]
[BlackElo "1893"]
[PlyCount "62"]
[EventDate "2013.11.29"]
[EventType "swiss"]
[EventRounds "10"]
[EventCountry "ESP"]
[Source "lmi"]
[SourceDate "2013.11.29"]

1. e4 e6 2. d4 d5 3. Nd2 dxe4 4. Nxe4 Nd7 5. Bd3 Ngf6 6. Nf3 c5 7. O-O Nxe4 8.
Bxe4 Nf6 9. Bd3 cxd4 10. Nxd4 Be7 11. Re1 O-O 12. c3 a6 13. Bf4 Nd5 14. Bg3 g6
15. Qb3 Qb6 16. Bc4 Qxb3 17. Bxb3 Nb6 18. Rad1 Bd7 19. Nxe6 Bxe6 20. Bxe6 fxe6
21. Rxe6 Rad8 22. Rde1 Nc8 23. Kf1 Bf6 24. a4 Kf7 25. R6e4 Rfe8 26. Rb4 Rxe1+
27. Kxe1 Rd7 28. f3 Ne7 29. Bf2 Nd5 30. Rc4 Rc7 31. Re4 Re7 0-1

[Event "Benidorm 2013 - Torneo sub2300"]
[Site "Benidorm ESP"]
[Date "2013.12.05"]
[Round "8.2"]
[White "Arias Igual, Alejandro"]
[Black "Kultiyasov, Mikhail"]
[Result "0-1"]
[WhiteElo "2178"]
[BlackElo "2188"]
[PlyCount "68"]
[EventDate "2013.11.29"]
[EventType "swiss"]
[EventRounds "10"]
[EventCountry "ESP"]
[Source "lmi"]
[SourceDate "2013.11.29"]

1. d4 Nf6 2. Nf3 g6 3. Bg5 Bg7 4. Nbd2 d6 5. e4 h6 6. Bh4 g5 7. Bg3 Nh5 8. c3
e6 9. Bd3 Qe7 10. e5 Nc6 11. Qe2 Bd7 12. O-O-O O-O-O 13. exd6 cxd6 14. Nc4 Nxg3
15. hxg3 Rhe8 16. Rhe1 Qf8 17. Ne3 Kb8 18. Qc2 Rc8 19. d5 Nb4 20. Qb3 Nxd3+ 21.
Rxd3 e5 22. Rdd1 f5 23. Nc4 Rc5 24. Ne3 Rec8 25. Nc2 Qd8 26. Re2 Bb5 27. Red2
Bc4 28. Qa4 Ra5 29. Qb4 Rxa2 30. Kb1 a5 31. Qxc4 Rxc4 32. Ne3 Qb6 33. Kc2 Rc7
34. Nxf5 Qb4 0-1

[Event "Benidorm 2013 - Torneo sub2300"]
[Site "Benidorm ESP"]
[Date "2013.12.05"]
[Round "8.3"]
[White "Olhovik, Andrei"]
[Black "Royset, Pal"]
[Result "1-0"]
[WhiteElo "2252"]
[BlackElo "2190"]
[PlyCount "64"]
[EventDate "2013.11.29"]
[EventType "swiss"]
[EventRounds "10"]
[EventCountry "ESP"]
[Source "lmi"]
[SourceDate "2013.11.29"]

1. d4 Nf6 2. c4 e6 3. Nc3 d5 4. cxd5 exd5 5. Bg5 c6 6. e3 Be7 7. Bd3 Bg4 8. Qc2
Nbd7 9. h3 Be6 10. Nf3 Bd6 11. b4 a6 12. a4 O-O 13. O-O Re8 14. Ne2 Qc7 15. Bf4
Ne4 16. Rac1 Bf5 17. b5 axb5 18. axb5 Nb8 19. g4 Bd7 20. Ne5 g6 21. f3 Nf6 22.
b6 Qd8 23. Nxf7 Kxf7 24. Bxd6 Rxe3 25. Qd2 Re6 26. Bc7 Qf8 27. Ra1 Na6 28. Bxa6
bxa6 29. b7 Rb8 30. Bxb8 Qxb8 31. Rfb1 c5 32. Qf4 Qd8 1-0

[Event "Benidorm 2013 - Torneo sub2300"]
[Site "Benidorm ESP"]
[Date "2013.12.05"]
[Round "8.4"]
[White "Rodriguez Melendez, Juan Humbe"]
[Black "Gromovs, Sergejs"]
[Result "1-0"]
[WhiteElo "2060"]
[BlackElo "2148"]
[PlyCount "25"]
[EventDate "2013.11.29"]
[EventType "swiss"]
[EventRounds "10"]
[EventCountry "ESP"]
[Source "lmi"]
[SourceDate "2013.11.29"]

1. e4 d6 2. d4 Nf6 3. Nf3 g6 4. Be3 c6 5. Qd2 b5 6. Bd3 Nbd7 7. Nc3 Nb6 8. h3
Nc4 9. Bxc4 bxc4 10. O-O Bg7 11. Rfe1 O-O 12. e5 Ne8 13. Ne4 1-0

[Event "Benidorm 2013 - Torneo sub2300"]
[Site "Benidorm ESP"]
[Date "2013.12.05"]
[Round "8.5"]
[White "Rodriguez Fontecha, Marcos"]
[Black "Hristodorescu, Daniel"]
[Result "0-1"]
[WhiteElo "2300"]
[BlackElo "2207"]
[PlyCount "36"]
[EventDate "2013.11.29"]
[EventType "swiss"]
[EventRounds "10"]
[EventCountry "ESP"]
[Source "lmi"]
[SourceDate "2013.11.29"]

1. d4 Nf6 2. Bf4 d5 3. e3 e6 4. Nd2 Bd6 5. Bg3 Qe7 6. Ngf3 Bxg3 7. hxg3 Nbd7 8.
Ne5 Nxe5 9. dxe5 Nd7 10. Qg4 g6 11. Nf3 Qf8 12. O-O-O a6 13. c4 Qc5 14. Kb1
dxc4 15. Bxc4 Nxe5 16. Qh4 Nd7 17. Ng5 Qe7 18. Qh6 b5 0-1

[Event "Benidorm 2013 - Torneo sub2300"]
[Site "Benidorm ESP"]
[Date "2013.12.05"]
[Round "8.6"]
[White "Garcia Trobat, Francisco"]
[Black "Carrascoso Morales, Abel"]
[Result "1/2-1/2"]
[WhiteElo "2241"]
[BlackElo "2300"]
[PlyCount "150"]
[EventDate "2013.11.29"]
[EventType "swiss"]
[EventRounds "10"]
[EventCountry "ESP"]
[Source "lmi"]
[SourceDate "2013.11.29"]

1. e4 c5 2. Nf3 d6 3. d4 cxd4 4. Nxd4 Nc6 5. Nc3 g6 6. Be3 Bg7 7. f3 Nf6 8. Qd2
O-O 9. Bc4 Bd7 10. O-O-O Rc8 11. Bb3 Ne5 12. Kb1 Nc4 13. Bxc4 Rxc4 14. g4 b5
15. h4 b4 16. Nce2 e5 17. Nb3 Qb6 18. Bh6 g5 19. Bxg7 Kxg7 20. h5 h6 21. c3
Rfc8 22. Qxd6 Qf2 23. Qd3 Bb5 24. Nd2 bxc3 25. Nxc3 Rxc3 26. Qxb5 Rc2 27. Qd3
a5 28. Qxc2 Rxc2 29. Kxc2 Nd7 30. Rhf1 Qe2 31. Rde1 Qb5 32. Re3 Nc5 33. Rc1 a4
34. Rc3 Ne6 35. Nc4 Nd4+ 36. Kd2 Qb4 37. Kd1 Qb5 38. Rd3 Qc5 39. Ne3 Qb6 40.
Rc2 Nxc2 41. Kxc2 Kh7 42. Rc3 Qd4 43. Rd3 Qb4 44. Rc3 Qb5 45. Nc4 Qc5 46. b3 a3
47. b4 Qxb4 48. Nxa3 Kg7 49. Rb3 Qa4 50. Kb1 Kf8 51. Nb5 Qc4 52. Kb2 Ke7 53.
Nc3 Qd4 54. Kc2 Qf2+ 55. Kb1 Kd6 56. Nd5 Kc5 57. a4 Qe1+ 58. Ka2 Kc4 59. Ne3+
Kc5 60. Nd5 Qd2+ 61. Kb1 f5 62. Rb5+ Kd6 63. Rb6+ Kd7 64. gxf5 Qd1+ 65. Kb2
Qxf3 66. Rxh6 g4 67. Rg6 g3 68. h6 Qe2+ 69. Kb3 g2 70. Nc3 Qh5 71. Rxg2 Qxh6
72. Rg6 Qe3 73. Rg7+ Kc6 74. Rg6+ Kc5 75. Ra6 Qxc3+ 1/2-1/2

[Event "Benidorm 2013 - Torneo sub2300"]
[Site "Benidorm ESP"]
[Date "2013.12.05"]
[Round "8.7"]
[White "Nava Pereda, Carlos"]
[Black "Bosque Ortega, Xavier"]
[Result "0-1"]
[WhiteElo "2273"]
[BlackElo "2197"]
[PlyCount "66"]
[EventDate "2013.11.29"]
[EventType "swiss"]
[EventRounds "10"]
[EventCountry "ESP"]
[Source "lmi"]
[SourceDate "2013.11.29"]

1. c4 c6 2. e4 d5 3. exd5 cxd5 4. cxd5 Qxd5 5. Nc3 Qd8 6. Nf3 Nf6 7. d4 e6 8.
Bd3 Be7 9. O-O Nc6 10. a3 O-O 11. Bg5 Re8 12. Re1 b6 13. Bc2 Bb7 14. Bb3 Rc8
15. Qd3 g6 16. Rad1 Nd5 17. Nxd5 Bxg5 18. Nxg5 Qxg5 19. Qg3 Qd8 20. Ne3 Na5 21.
Ba4 Rf8 22. Ng4 Nc4 23. b3 h5 24. bxc4 hxg4 25. Bb3 Qg5 26. Re5 Qf6 27. Qxg4
Rfd8 28. Qg3 Ba6 29. c5 bxc5 30. dxc5 Rxd1+ 31. Bxd1 Qd8 32. Bc2 Qd2 33. Qe3
Qxc2 0-1

[Event "Benidorm 2013 - Torneo sub2300"]
[Site "Benidorm ESP"]
[Date "2013.12.05"]
[Round "8.8"]
[White "Amdouni, Zoubaier"]
[Black "Gete Rodriguez, Isidro"]
[Result "1-0"]
[WhiteElo "2247"]
[BlackElo "2102"]
[PlyCount "53"]
[EventDate "2013.11.29"]
[EventType "swiss"]
[EventRounds "10"]
[EventCountry "ESP"]
[Source "lmi"]
[SourceDate "2013.11.29"]

1. e4 c5 2. Nf3 Nc6 3. d4 cxd4 4. Nxd4 d6 5. Nc3 e5 6. Ndb5 a6 7. Na3 Be7 8.
Nc4 b5 9. Ne3 Bg5 10. a4 b4 11. Ncd5 Nge7 12. Nc4 Bxc1 13. Rxc1 Be6 14. Nxd6+
Kf8 15. Ne3 Qc7 16. Bc4 Rd8 17. Bxe6 Rxd6 18. Bd5 Nxd5 19. Nxd5 Qa5 20. Qg4
Qxa4 21. Qc8+ Rd8 22. Qc7 Qb5 23. c4 Qc5 24. O-O Qd6 25. Qb6 a5 26. c5 Qd7 27.
Rcd1 1-0

[Event "Benidorm 2013 - Torneo sub2300"]
[Site "Benidorm ESP"]
[Date "2013.12.05"]
[Round "8.14"]
[White "Cano Gimenez, Vicente"]
[Black "Pozanco Romasanta, Marc"]
[Result "0-1"]
[WhiteElo "2260"]
[BlackElo "2070"]
[PlyCount "68"]
[EventDate "2013.11.29"]
[EventType "swiss"]
[EventRounds "10"]
[EventCountry "ESP"]
[Source "lmi"]
[SourceDate "2013.11.29"]

1. Nf3 d5 2. g3 g6 3. Bg2 Bg7 4. c4 dxc4 5. Qa4+ Nc6 6. O-O e5 7. Qxc4 Nge7 8.
d3 O-O 9. Nc3 Be6 10. Qa4 a6 11. Be3 Nd4 12. Rfc1 Nef5 13. Bxd4 exd4 14. Ne4
Bd5 15. Nfd2 Re8 16. Re1 h6 17. Qc2 Rc8 18. a4 c5 19. a5 Ne7 20. Nc4 Rc7 21.
Nb6 Be6 22. Nd2 Nd5 23. Nxd5 Bxd5 24. Bxd5 Qxd5 25. Qc4 Qh5 26. Ne4 Kh7 27. b4
f5 28. Nxc5 Rxe2 29. Qd5 Rce7 30. Rxe2 Qxe2 31. Kg2 Qd2 32. Qd6 Re2 33. Rf1
Qxb4 34. Qd5 Re5 0-1

[Event "Benidorm 2013 - Torneo sub2300"]
[Site "Benidorm ESP"]
[Date "2013.12.05"]
[Round "8.15"]
[White "Goormachtigh, Johan"]
[Black "Parligras, Cosmin"]
[Result "1/2-1/2"]
[WhiteElo "2177"]
[BlackElo "2257"]
[PlyCount "21"]
[EventDate "2013.11.29"]
[EventType "swiss"]
[EventRounds "10"]
[EventCountry "ESP"]
[Source "lmi"]
[SourceDate "2013.11.29"]

1. d4 d5 2. Nf3 Nf6 3. c4 c6 4. Nc3 g6 5. Bf4 Bg7 6. e3 O-O 7. h3 c5 8. dxc5
Qa5 9. Rc1 Rd8 10. Qa4 Qxc5 11. b4 1/2-1/2

[Event "Benidorm 2013 - Torneo sub2300"]
[Site "Benidorm ESP"]
[Date "2013.12.05"]
[Round "8.18"]
[White "Varga, Mariano"]
[Black "Aymerich Rosell, Pablo"]
[Result "1/2-1/2"]
[WhiteElo "2113"]
[BlackElo "2194"]
[PlyCount "25"]
[EventDate "2013.11.29"]
[EventType "swiss"]
[EventRounds "10"]
[EventCountry "ESP"]
[Source "lmi"]
[SourceDate "2013.11.29"]

1. e3 d5 2. c4 e6 3. Nf3 Nf6 4. Nc3 a6 5. cxd5 exd5 6. Be2 Bd6 7. O-O O-O 8. b3
Nc6 9. Bb2 Qe7 10. a3 Bc5 11. Re1 Rd8 12. d4 Bb6 13. b4 1/2-1/2

[Event "Benidorm 2013 - Torneo sub2300"]
[Site "Benidorm ESP"]
[Date "2013.12.05"]
[Round "8.24"]
[White "Mingarro Carceller, Sergi"]
[Black "Garcia Gata, Jorge D"]
[Result "1-0"]
[WhiteElo "2213"]
[BlackElo "2061"]
[PlyCount "69"]
[EventDate "2013.11.29"]
[EventType "swiss"]
[EventRounds "10"]
[EventCountry "ESP"]
[Source "lmi"]
[SourceDate "2013.11.29"]

1. d4 Nf6 2. c4 c5 3. d5 b5 4. cxb5 a6 5. e3 g6 6. Nc3 Bg7 7. a4 O-O 8. e4 axb5
9. Bxb5 Bb7 10. Nf3 e6 11. O-O Na6 12. Bf4 exd5 13. exd5 d6 14. Qb3 Nb4 15.
Rad1 Bc8 16. Bc6 Rb8 17. Nb5 Ne4 18. Qc4 f5 19. Nd2 g5 20. Nxe4 gxf4 21. Nexd6
f3 22. g3 f4 23. Nxc8 Rxc8 24. d6+ Kh8 25. Bxf3 Qg5 26. d7 Rcd8 27. Nc7 fxg3
28. fxg3 Rf6 29. Kg2 Qe5 30. Ne8 Rg6 31. Rfe1 Qxb2+ 32. Re2 Qc3 33. Qh4 Bf6 34.
Nxf6 Qxf6 35. Re8+ 1-0

[Event "Benidorm 2013 - Torneo sub2300"]
[Site "Benidorm ESP"]
[Date "2013.12.05"]
[Round "8.25"]
[White "Iturbide Arnedo, Oscar"]
[Black "Remolar Gallen, Jose"]
[Result "1-0"]
[WhiteElo "2102"]
[BlackElo "2213"]
[PlyCount "57"]
[EventDate "2013.11.29"]
[EventType "swiss"]
[EventRounds "10"]
[EventCountry "ESP"]
[Source "lmi"]
[SourceDate "2013.11.29"]

1. e4 c6 2. d4 d5 3. e5 c5 4. dxc5 Nc6 5. Bb5 e6 6. Be3 Nge7 7. c3 Bd7 8. Bxc6
Nxc6 9. f4 g5 10. fxg5 Nxe5 11. Nf3 Qc7 12. Nxe5 Qxe5 13. Qd4 Qg7 14. Nd2 Rc8
15. Nf3 Qg8 16. Qf4 h6 17. O-O hxg5 18. Nxg5 Bh6 19. Qf6 Rh7 20. Rae1 Bxg5 21.
Bxg5 Qf8 22. b4 b6 23. c6 Qd6 24. cxd7+ Kxd7 25. h4 Rg8 26. Qe5 Qc6 27. c4 dxc4
28. b5 Qd5 29. Rd1 1-0

[Event "Benidorm 2013 - Torneo sub2300"]
[Site "Benidorm ESP"]
[Date "2013.12.05"]
[Round "8.29"]
[White "Royset, Jon K"]
[Black "Ramos Ferrandiz, Juan Carlos"]
[Result "1/2-1/2"]
[WhiteElo "2154"]
[BlackElo "2068"]
[PlyCount "61"]
[EventDate "2013.11.29"]
[EventType "swiss"]
[EventRounds "10"]
[EventCountry "ESP"]
[Source "lmi"]
[SourceDate "2013.11.29"]

1. e4 c6 2. Nc3 d5 3. Nf3 Bg4 4. h3 Bh5 5. Be2 e6 6. O-O dxe4 7. Nxe4 Nd7 8. b4
Ngf6 9. Nxf6+ Qxf6 10. Rb1 Bd6 11. d3 Bxf3 12. Bxf3 O-O 13. g3 Rad8 14. Bg2 Qe7
15. a3 Nf6 16. Bg5 h6 17. Bd2 Be5 18. Rb3 Nd5 19. Qe1 Qf6 20. a4 b5 21. Qe4
bxa4 22. Ra3 Bc3 23. Bxc3 Nxc3 24. Qe1 Nd5 25. Rxa4 Qb2 26. Ra6 Nxb4 27. Rxa7
Ra8 28. Rxa8 Rxa8 29. Qb1 Qxb1 30. Rxb1 Nxc2 31. Bxc6 1/2-1/2

[Event "Benidorm 2013 - Torneo sub2300"]
[Site "Benidorm ESP"]
[Date "2013.12.05"]
[Round "8.32"]
[White "Cantero, Antonio"]
[Black "Nieves Cabanes, Jose Manuel"]
[Result "1-0"]
[WhiteElo "2262"]
[BlackElo "2068"]
[PlyCount "67"]
[EventDate "2013.11.29"]
[EventType "swiss"]
[EventRounds "10"]
[EventCountry "ESP"]
[Source "lmi"]
[SourceDate "2013.11.29"]

1. e4 c6 2. c4 d5 3. exd5 cxd5 4. cxd5 Qxd5 5. Nc3 Qd8 6. Nf3 Nf6 7. Bc4 Nc6 8.
O-O g6 9. d4 Bg7 10. d5 Nb8 11. h3 O-O 12. Bg5 Nbd7 13. Qd2 Nb6 14. Bb3 Bf5 15.
Rfe1 Rc8 16. g4 Bd7 17. Ne5 h5 18. f3 Kh7 19. Rad1 a5 20. a4 Na8 21. Kg2 Nb6
22. Qd3 Kg8 23. d6 e6 24. gxh5 Nxh5 25. Qe3 Bf6 26. h4 Bc6 27. d7 Nxd7 28. Ne4
Bxg5 29. hxg5 Qc7 30. Nxd7 Bxd7 31. Nf6+ Nxf6 32. gxf6 Qd8 33. Qg5 e5 34. Rh1
1-0

[Event "Benidorm 2013 - Torneo sub2300"]
[Site "Benidorm ESP"]
[Date "2013.12.05"]
[Round "8.33"]
[White "Gonzalez Aguirre, Luis"]
[Black "Mataix Arbona, Cesar"]
[Result "1-0"]
[WhiteElo "2157"]
[BlackElo "2082"]
[PlyCount "65"]
[EventDate "2013.11.29"]
[EventType "swiss"]
[EventRounds "10"]
[EventCountry "ESP"]
[Source "lmi"]
[SourceDate "2013.11.29"]

1. c4 Nf6 2. Nc3 e6 3. Nf3 d5 4. d4 c6 5. cxd5 exd5 6. Bg5 Nbd7 7. Qc2 Be7 8.
e3 O-O 9. Bd3 h6 10. Bh4 Re8 11. g4 g5 12. Rg1 gxh4 13. g5 Ne4 14. gxh6+ Kh8
15. Bxe4 dxe4 16. Ng5 Qc7 17. Ncxe4 Bb4+ 18. Ke2 Nf8 19. Qc4 Be6 20. d5 Bxd5
21. Qd4+ Qe5 22. Qxb4 f6 23. f4 Qf5 24. Qd4 Rxe4 25. Nxe4 Bxe4 26. Rad1 Re8 27.
Qd6 Qh5+ 28. Kd2 Qxh6 29. Kc1 Ne6 30. Qd7 Qf8 31. Rg4 Qc5+ 32. Kd2 Rd8 33.
Rxh4+ 1-0

[Event "Benidorm 2013 - Torneo sub2300"]
[Site "Benidorm ESP"]
[Date "2013.12.05"]
[Round "8.42"]
[White "Lopez Quevedo, Eduardo"]
[Black "Devecchi, Jorge"]
[Result "1-0"]
[WhiteElo "2106"]
[BlackElo "1997"]
[PlyCount "67"]
[EventDate "2013.11.29"]
[EventType "swiss"]
[EventRounds "10"]
[EventCountry "ESP"]
[Source "lmi"]
[SourceDate "2013.11.29"]

1. e4 c5 2. Nf3 g6 3. d4 cxd4 4. Nxd4 Bg7 5. Nc3 Nf6 6. Nde2 O-O 7. g3 d6 8.
Bg2 Nc6 9. O-O Be6 10. h3 Rb8 11. a4 a6 12. Nd5 Bc8 13. Bg5 Ne5 14. Nec3 Ned7
15. Re1 e6 16. Nxf6+ Nxf6 17. Qd2 Qc7 18. Rad1 Ne8 19. Bf4 Bd7 20. Bh6 Bc6 21.
Bxg7 Kxg7 22. Qd4+ f6 23. g4 Qa5 24. b4 Qe5 25. Qa7 Nc7 26. Nd5 Bxd5 27. exd5
Qb2 28. Qb6 Qxc2 29. Rc1 Na8 30. Qxd6 Qxa4 31. dxe6 Rfe8 32. g5 fxg5 33. Qe5+
Kh6 34. h4 1-0

[Event "Benidorm 2013 - Torneo sub2300"]
[Site "Benidorm ESP"]
[Date "2013.12.05"]
[Round "8.44"]
[White "Lillo Ferrer, Jose Maria M"]
[Black "Rubio Tapia, Jose Juan"]
[Result "0-1"]
[WhiteElo "2062"]
[BlackElo "2130"]
[PlyCount "60"]
[EventDate "2013.11.29"]
[EventType "swiss"]
[EventRounds "10"]
[EventCountry "ESP"]
[Source "lmi"]
[SourceDate "2013.11.29"]

1. e4 e5 2. Bc4 Nf6 3. d3 Nc6 4. Nc3 Bb4 5. Nf3 d5 6. exd5 Nxd5 7. O-O Nxc3 8.
bxc3 Bxc3 9. Ng5 Be6 10. Bxe6 fxe6 11. Rb1 Qc8 12. Qh5+ g6 13. Qh6 Qd7 14. Rxb7
O-O-O 15. Rb3 Nd4 16. Rxc3 Ne2+ 17. Kh1 Nxc3 18. Bb2 Nd5 19. Bxe5 Rhf8 20. d4
Ne3 21. Rb1 Rxf2 22. Nf3 Nxg2 23. Rb3 Qc6 24. d5 Qxc2 25. Rc3 Qd1+ 26. Ng1 Rc2
27. Qh3 Qxd5 28. Rxc2 Ne1+ 29. Rg2 Nxg2 30. Nf3 Ne1 0-1

[Event "Benidorm 2013 - Torneo sub2300"]
[Site "Benidorm ESP"]
[Date "2013.12.05"]
[Round "8.45"]
[White "Grau Brumos, Isidre"]
[Black "Landa Monux, Josu"]
[Result "1-0"]
[WhiteElo "2109"]
[BlackElo "2056"]
[PlyCount "68"]
[EventDate "2013.11.29"]
[EventType "swiss"]
[EventRounds "10"]
[EventCountry "ESP"]
[Source "lmi"]
[SourceDate "2013.11.29"]

1. d4 Nf6 2. Nf3 g6 3. g3 Bg7 4. Bg2 O-O 5. O-O d6 6. c3 Nbd7 7. Nbd2 c6 8. e4
e5 9. Qc2 Qe7 10. dxe5 dxe5 11. a4 b6 12. Re1 Rd8 13. b3 Ba6 14. Ba3 c5 15. Nf1
Bb7 16. N3d2 Nf8 17. Nc4 Qc7 18. Rad1 Ne6 19. Nfe3 Rxd1 20. Rxd1 Rd8 21. Nd5
Nxd5 22. exd5 Nf8 23. g4 Qd7 24. Ne3 Bh6 25. Qe2 f5 26. gxf5 gxf5 27. Qh5 Bxe3
28. fxe3 Ng6 29. c4 Rf8 30. Bh3 Qg7 31. Kh1 f4 32. Bb2 f3 33. Rf1 f2 34. Bf5
Nh4 1-0

[Event "Benidorm 2013 - Torneo sub2300"]
[Site "Benidorm ESP"]
[Date "2013.12.05"]
[Round "8.47"]
[White "Martinez Ayesa, Aitor"]
[Black "Fernandez Martinez, Jorge"]
[Result "1/2-1/2"]
[WhiteElo "2097"]
[BlackElo "2049"]
[PlyCount "44"]
[EventDate "2013.11.29"]
[EventType "swiss"]
[EventRounds "10"]
[EventCountry "ESP"]
[Source "lmi"]
[SourceDate "2013.11.29"]

1. d4 d5 2. Nf3 Nf6 3. c4 e6 4. g3 Be7 5. Bg2 O-O 6. O-O dxc4 7. Ne5 Nc6 8.
Bxc6 bxc6 9. Nxc6 Qe8 10. Nxe7+ Qxe7 11. Qa4 e5 12. Qxc4 exd4 13. Qxd4 Qxe2 14.
Nc3 Qh5 15. Ne4 Ng4 16. h4 Bb7 17. Bg5 Rfe8 18. Nd2 Ne5 19. Qc3 Nf3+ 20. Nxf3
Qxf3 21. Qxf3 Bxf3 22. Rfe1 Kf8 1/2-1/2

[Event "Benidorm 2013 - Torneo sub2300"]
[Site "Benidorm ESP"]
[Date "2013.12.05"]
[Round "8.48"]
[White "Cardenas Serrano, Sergio"]
[Black "Grundekjon, Christian"]
[Result "0-1"]
[WhiteElo "2094"]
[BlackElo "1982"]
[PlyCount "52"]
[EventDate "2013.11.29"]
[EventType "swiss"]
[EventRounds "10"]
[EventCountry "ESP"]
[Source "lmi"]
[SourceDate "2013.11.29"]

1. e4 d5 2. exd5 Qxd5 3. Nc3 Qd6 4. d4 Nf6 5. Nf3 a6 6. h3 b5 7. Bd3 Bb7 8. Qe2
e6 9. Bg5 Nbd7 10. O-O-O h6 11. Bd2 c5 12. dxc5 Nxc5 13. Be3 Qc7 14. Bxc5 Bxc5
15. Ne5 O-O-O 16. f4 Bd4 17. Kb1 Bxc3 18. bxc3 Nd5 19. Qd2 Nxc3+ 20. Ka1 Nxd1
21. Rxd1 f6 22. Ng4 Rd4 23. Qe3 Qc3+ 24. Kb1 Bd5 25. Kc1 Rd8 26. a4 Rxa4 0-1

[Event "Benidorm 2013 - Torneo sub2300"]
[Site "Benidorm ESP"]
[Date "2013.12.05"]
[Round "8.51"]
[White "Estrada Martinez, Cesar"]
[Black "Nieves Cabanes, Javier"]
[Result "0-1"]
[WhiteElo "2035"]
[BlackElo "2087"]
[PlyCount "60"]
[EventDate "2013.11.29"]
[EventType "swiss"]
[EventRounds "10"]
[EventCountry "ESP"]
[Source "lmi"]
[SourceDate "2013.11.29"]

1. Nf3 Nf6 2. c4 e6 3. Nc3 d5 4. d4 Bb4 5. Bg5 Nbd7 6. e3 c5 7. cxd5 exd5 8. a3
Bxc3+ 9. bxc3 c4 10. Nd2 Qa5 11. Qc2 O-O 12. Be2 Re8 13. O-O Ne4 14. Nxe4 dxe4
15. Bf4 Nb6 16. Bc7 Qa6 17. Bxb6 axb6 18. Rfb1 b5 19. Rb4 Bd7 20. a4 Qc6 21.
Ra2 Qd5 22. axb5 Bxb5 23. Qb2 Ba6 24. Qa1 Rac8 25. Ra5 Qd6 26. Qa4 Red8 27. Re5
Qg6 28. Bxc4 Bxc4 29. Rxc4 Ra8 30. Ra5 Qb6 0-1

[Event "Benidorm 2013 - Torneo sub2300"]
[Site "Benidorm ESP"]
[Date "2013.12.05"]
[Round "8.53"]
[White "Jimenez Almeida, Luis David"]
[Black "Tavares, Eliseu Domingos Man"]
[Result "1-0"]
[WhiteElo "1985"]
[BlackElo "2075"]
[PlyCount "51"]
[EventDate "2013.11.29"]
[EventType "swiss"]
[EventRounds "10"]
[EventCountry "ESP"]
[Source "lmi"]
[SourceDate "2013.11.29"]

1. e4 e5 2. d4 exd4 3. Nf3 Nc6 4. Bc4 Bc5 5. c3 Qf6 6. O-O d6 7. Re1 Ne5 8.
Nxd4 Ne7 9. Be2 N7g6 10. b4 Bb6 11. Na3 O-O 12. Nac2 Be6 13. g3 c5 14. Nxe6
fxe6 15. f4 cxb4+ 16. Be3 Bxe3+ 17. Nxe3 Nf7 18. cxb4 Qc3 19. Qb3 Rfc8 20. Bc4
Qxb3 21. axb3 Re8 22. f5 exf5 23. Nxf5 Red8 24. Bd5 Nge5 25. Rec1 Rac8 26. Rxc8
1-0

[Event "Benidorm 2013 - Torneo sub2300"]
[Site "Benidorm ESP"]
[Date "2013.12.05"]
[Round "8.54"]
[White "Miguel, Sergio"]
[Black "Machlik, Monika"]
[Result "1-0"]
[WhiteElo "2196"]
[BlackElo "1936"]
[PlyCount "63"]
[EventDate "2013.11.29"]
[EventType "swiss"]
[EventRounds "10"]
[EventCountry "ESP"]
[Source "lmi"]
[SourceDate "2013.11.29"]

1. Nf3 d5 2. d4 Nf6 3. c4 dxc4 4. Qa4+ Nc6 5. e3 Nd7 6. Qxc4 e5 7. dxe5 Ndxe5
8. Nxe5 Nxe5 9. Qb5+ Nd7 10. Bc4 Be7 11. O-O O-O 12. Nc3 c6 13. Qh5 Nf6 14. Qe2
Qc7 15. e4 Bc5 16. Kh1 Re8 17. Bd3 a6 18. f4 Rd8 19. e5 Nd5 20. Ne4 Bf8 21. b3
a5 22. a3 Qd7 23. Rf3 b6 24. f5 Qa7 25. e6 f6 26. Rh3 Ba6 27. Qh5 h6 28. Bxa6
Qxa6 29. Bxh6 gxh6 30. Qf7+ Kh8 31. Rg3 Ne7 32. Nxf6 1-0

[Event "Benidorm 2013 - Torneo sub2300"]
[Site "Benidorm ESP"]
[Date "2013.12.05"]
[Round "8.60"]
[White "Rodriguez Garcia, Carlos"]
[Black "Forsa, Elise"]
[Result "1-0"]
[WhiteElo "1987"]
[BlackElo "1793"]
[PlyCount "45"]
[EventDate "2013.11.29"]
[EventType "swiss"]
[EventRounds "10"]
[EventCountry "ESP"]
[Source "lmi"]
[SourceDate "2013.11.29"]

1. e4 c5 2. Nf3 e6 3. d4 cxd4 4. Nxd4 a6 5. Bd3 Nf6 6. O-O Be7 7. c4 d6 8. Qe2
Qc7 9. Nc3 b6 10. Be3 Bb7 11. a4 O-O 12. a5 Nbd7 13. Nb3 Rac8 14. axb6 Nxb6 15.
Na5 Ba8 16. c5 Nbd7 17. Bxa6 Rb8 18. Nb5 Rxb5 19. Bxb5 Bxe4 20. c6 Ne5 21. f4
Nxc6 22. Bxc6 Bxc6 23. Rfc1 1-0

[Event "Benidorm 2013 - Torneo sub2300"]
[Site "Benidorm ESP"]
[Date "2013.12.06"]
[Round "9.1"]
[White "Kultiyasov, Mikhail"]
[Black "Rodriguez Melendez, Juan Humbe"]
[Result "1-0"]
[WhiteElo "2188"]
[BlackElo "2060"]
[PlyCount "67"]
[EventDate "2013.11.29"]
[EventType "swiss"]
[EventRounds "10"]
[EventCountry "ESP"]
[Source "lmi"]
[SourceDate "2013.11.29"]

1. e4 c5 2. Nf3 d6 3. d4 cxd4 4. Nxd4 Nf6 5. Nc3 a6 6. Bc4 e6 7. Bb3 Nbd7 8. g4
Nc5 9. f3 b5 10. g5 Nfd7 11. Be3 Bb7 12. Qd2 Be7 13. h4 Rc8 14. a3 Nxb3 15.
cxb3 Nb6 16. Nc2 Nd7 17. Nd4 Nb6 18. h5 d5 19. e5 b4 20. axb4 Bxb4 21. Nc2 Be7
22. Kf2 Nd7 23. Rhg1 Nxe5 24. Bd4 f6 25. Rae1 Nc6 26. gxf6 Bxf6 27. Rxe6+ Kf7
28. Rxf6+ gxf6 29. Qh6 Nxd4 30. Qg7+ Ke6 31. Nxd4+ Ke5 32. Qxb7 Kxd4 33. Rd1+
Kc5 34. Na4+ 1-0

[Event "Benidorm 2013 - Torneo sub2300"]
[Site "Benidorm ESP"]
[Date "2013.12.06"]
[Round "9.2"]
[White "Martinez Reyes, Pedro Ramon"]
[Black "Olhovik, Andrei"]
[Result "1/2-1/2"]
[WhiteElo "2235"]
[BlackElo "2252"]
[PlyCount "123"]
[EventDate "2013.11.29"]
[EventType "swiss"]
[EventRounds "10"]
[EventCountry "ESP"]
[Source "lmi"]
[SourceDate "2013.11.29"]

1. e4 e5 2. Nf3 Nc6 3. Bb5 a6 4. Bxc6 dxc6 5. O-O Bg4 6. h3 Bxf3 7. Qxf3 Nf6 8.
d3 Bd6 9. Bg5 h6 10. Bxf6 Qxf6 11. Qxf6 gxf6 12. Nd2 Ke7 13. Nf3 Rhd8 14. Nh4
Ke6 15. Nf5 Bf8 16. f4 c5 17. fxe5 fxe5 18. Ne3 c6 19. Rf5 Bg7 20. Raf1 f6 21.
Kf2 b5 22. Ke2 Rab8 23. Ng4 Rf8 24. R5f3 Rbd8 25. Ne3 Rg8 26. g4 Rh8 27. Nf5
Bf8 28. Nh4 Bg7 29. Nf5 Bf8 30. Ng3 Be7 31. Nh5 Rdf8 32. a4 Rf7 33. Ra1 Ra8 34.
Rff1 Bd8 35. Ra2 Rb7 36. axb5 cxb5 37. Ng3 a5 38. Nf5 Rh7 39. c4 b4 40. b3 Rha7
41. Ra4 Rh7 42. Ng3 Raa7 43. Rf5 Rag7 44. Rh5 Rg5 45. Nf5 Rg6 46. Ra1 Kd7 47.
Kd2 Ke6 48. Ke3 Kd7 49. Kf3 Ke6 50. Ne3 Rg5 51. Rg1 Rg6 52. Nf5 Rd7 53. Ke2 Rh7
54. Kd2 Kd7 55. Kc2 Ke6 56. Kd2 Kd7 57. Kd1 Ke6 58. Kc2 Kd7 59. Nh4 Rgg7 60.
Nf5 Rg6 61. Nh4 Rgg7 62. Nf5 1/2-1/2